Sports Quiz

Random Sports or City Quiz

Football League XIs: Hull City Quiz Stats

 Plays Quiz not verified by Sporcle

Challenge
Share
Tweet
Embed
Score 0/231 Timer 20:00
0 Plays Today
% Correct
Allan McGregor
73.3%
Allan McGregor
71.8%
Andy Dawson
71.2%
Andy Dawson
71.2%
Andy Dawson
71.2%
Andy Dawson
71.2%
Andy Dawson
71.2%
Andy Dawson
71.2%
Andy Dawson
71.2%
Andy Dawson
71.2%
Allan McGregor
70.2%
Michael Dawson
67.2%
Boaz Myhill
65.2%
Boaz Myhill
65.2%
Boaz Myhill
65.2%
Boaz Myhill
65.2%
Boaz Myhill
65.2%
Boaz Myhill
65.2%
Boaz Myhill
65.2%
Michael Dawson
64.9%
Curtis Davies
64.9%
Tom Huddlestone
64.7%
Jake Livermore
64.6%
Curtis Davies
62.8%
Jake Livermore
62.7%
Tom Huddlestone
62.5%
Curtis Davies
60.9%
Ahmed Elmohamady
60.7%
Ahmed Elmohamady
60.7%
Andrew Robertson
60.5%
Michael Dawson
60.3%
Jake Livermore
60.2%
Tom Huddlestone
60%
David Livermore
58.7%
Ahmed Elmohamady
58.6%
Wayne Brown
58.5%
Abel Hernández
58.5%
David Brown
58.3%
David Brown
58.3%
David Brown
58.3%
Geovanni
56.7%
Ahmed Elmohamady
56.6%
Ian Ashbee
56.3%
Ian Ashbee
56.3%
Ian Ashbee
56.3%
Ian Ashbee
56.3%
Ian Ashbee
56.3%
Ian Ashbee
56.3%
Ian Ashbee
56.3%
Michael Turner
55%
Michael Turner
55%
Michael Turner
55%
Nikica Jelavić
54.6%
Curtis Davies
54%
Jake Livermore
53.9%
Andrew Robertson
53.8%
Frazier Campbell
53.2%
Tom Huddlestone
53.1%
Eldin Jakupović
52.8%
Nick Barmby
52.8%
Nick Barmby
52.8%
James Chester
52.8%
James Chester
52.8%
Paul McShane
52.4%
Neil Mann
52.4%
Neil Mann
52.4%
Matt Duke
51.4%
Nikica Jelavić
51.2%
Abel Hernández
51%
James Chester
50.6%
Alex Bruce
49.8%
Roy Carroll
49.7%
Robert Brady
49.7%
Sam Clucas
49.6%
David Meyler
49.1%
Marlon King
48.9%
Steve Wilson
48.8%
% Correct
Steve Wilson
48.8%
Steve Wilson
48.8%
James Chester
48.7%
Robert Brady
48.4%
Vito Mannone
48.3%
Ahmed Elmohamady
48.2%
David Meyler
48.2%
Alex Bruce
48.2%
Stephen Hunt
47.8%
Craig Fagan
47.4%
Craig Fagan
47.4%
Craig Fagan
47.4%
Mohamed Diamé
47.2%
Paul McShane
47.2%
Matty Fryatt
46.7%
Matty Fryatt
46.7%
Moses Odubajo
46.6%
Bryan Hughes
46.1%
David Meyler
46.1%
Stuart Elliott
45.8%
Stuart Elliott
45.8%
Stuart Elliott
45.8%
Stuart Elliott
45.8%
Stuart Green
45.8%
Stuart Green
45.8%
Stuart Green
45.8%
Daniel Cousin
45.8%
James Chester
45.5%
Liam Rosenior
45.5%
Liam Rosenior
45.5%
Stephen Quinn
45.2%
Harry Maguire
45%
Sam Ricketts
45%
Sam Ricketts
45%
Sam Ricketts
45%
David Stockdale
45%
Robert Koren
44.7%
Robert Koren
44.7%
Corry Evans
44.2%
Robert Snodgrass
42.9%
Sam Clucas
42.7%
Stephen Quinn
42.5%
Jay Simpson
42.4%
Dean Marney
42.4%
Dean Marney
42.4%
Dean Marney
42.4%
Aaron McLean
42.3%
Aaron McLean
42.3%
Robert Koren
42.2%
Ryan Williams
41.7%
Corry Evans
41.6%
Kamil Zayatte
41.4%
Kamil Zayatte
41.4%
Gareth Williams
41.4%
Liam Rosenior
41.3%
Steve Harper
41.1%
Steve Harper
41.1%
George Boateng
41.1%
George Boateng
41.1%
James Harper
41.1%
Justin Whittle
41%
Justin Whittle
41%
Justin Whittle
41%
Justin Whittle
41%
Justin Whittle
41%
Jay Simpson
40.8%
Paul Musselwhite
40.7%
Paul Musselwhite
40.7%
Jan Vennegoor of Hesselink
40.7%
Anthony Gardner
39.9%
Jozy Altidore
39.9%
Ian Wright
39.5%
Ian Wright
39.5%
Ben Burgess
39.4%
Richard Garcia
39.4%
Abdoulaye Faye
39.4%
Maynor Figueroa
38.4%
% Correct
Mark Greaves
38.4%
Mark Greaves
38.4%
Mark Greaves
38.4%
Mark Greaves
38.4%
Mike Edwards
38.2%
Mike Edwards
38.2%
Mike Edwards
38.2%
Mike Edwards
38.2%
Jack Hobbs
38.2%
Ryan France
38.1%
Ryan France
38.1%
Damien Delaney
38%
Damien Delaney
38%
Damien Delaney
38%
Damien Delaney
38%
Damien Delaney
38%
Damien Delaney
38%
Jon Parkin
37.4%
Jon Parkin
37.4%
Paul McKenna
36.2%
Leon Cort
35.3%
Leon Cort
35.3%
Danny Allsopp
35.3%
Duane Darby
35.1%
Duane Darby
35.1%
Gary Alexander
34.9%
Gary Alexander
34.9%
Jason Price
34.1%
Junior Lewis
33.9%
Matt Glennon
33.7%
Gary Brabin
33.2%
Gary Brabin
33.2%
Gary Brabin
33.2%
Warren Joyce
33.1%
Warren Joyce
33.1%
Warren Joyce
33.1%
Warren Joyce
33.1%
Steven Mouyokolo
32.7%
Anthony Gerrard
32.7%
Gregor Rioch
32.5%
Gregor Rioch
32.5%
Ian Goodison
32.1%
John Eyre
31.2%
Nicky Forster
30.7%
Richard Peacock
30.6%
Richard Peacock
30.6%
Jon Whitney
30.2%
Jon Whitney
30.2%
Alton Thelwell
29.6%
John Anderson
29.3%
John Welsh
29.3%
Kevin Francis
29.2%
Keith Andrews
29%
Brian McGinty
28.5%
Brian McGinty
28.5%
Lawrie Dudfield
28%
Rob Dewhurst
27.8%
Andy Holt
27.6%
Marc Joseph
27.6%
Marc Joseph
27.6%
Marc Joseph
27.6%
Tony Brien
27.2%
Jason Harris
27.1%
Carl Regan
26.5%
Matt Hocking
26.4%
Matt Hocking
26.4%
David D'Auria
26.3%
Mike Quigley
25.9%
Richard Hinds
25.7%
Simon Trevitt
25%
Lee Philpott
24.5%
Julian Johnsson
23.7%
Dean Keates
23.5%
Chris Bettney
23.1%
Nicky Mohan
22.6%
David Beresford
21.6%
David Brightwell
21.5%

You're not logged in!

Compare scores with friends on all Sporcle quizzes.
OR
Log In

You Might Also Like...

Show Comments

Extras

Top Quizzes Today


Score Distribution

Your Account Isn't Verified!

In order to create a playlist on Sporcle, you need to verify the email address you used during registration. Go to your Sporcle Settings to finish the process.

Report this User

Report this user for behavior that violates our Community Guidelines.

Details: